000 00759nam a2200193 i 4500
001 178393
003 ES-MaACL
005 20250827100438.0
008 110526s1968 sp |||| | spa d
080 _a94(460)
245 0 0 _aNumancia, espíritu de una raza.
260 _aMadrid :
_bDelblan,
_c[1968]
300 _a16 p. ;
_c16 cm.
490 1 _aMosaico cultural: colección de temas instructivos ;
_v9. Anécdotas de la historia de España ;
_v2
651 4 _aNumancia (Ciudad desaparecida)-
_xHistoria.
_9169923
830 1 0 _aMosaico cultural: colección de temas instructivos
_v9. Anécdotas de la historia de España ;
_v2
_9190806
852 _aES-MaACL
_jE-15196 (2)
_xOlim P-1923
_z- Enc. con otros títulos
999 _c178393
_d178393